Fundamentos de química

Bibliographic Details
Main Author: Brescia, Frank...[et al]
Format: Section = Libro
Language:Undetermined
Spanish
Published: México Continental 1980
Subjects:
LEADER 00450nam a2200181Ia 4500
008 240830s9999 xx 000 0 und d
020 |a 968-26-0121-5 
040 |a CEDOC FIQ-RUSB / 540 F981 
041 |a spa 
082 |a 540 F981 
100 1 |a Brescia, Frank...[et al] 
245 1 0 |a Fundamentos de química 
260 |a México  |b Continental  |c 1980 
300 |a 673 p. : il 
650 7 |a QUIMICA GENERAL 
942 |c BK  |2 ddc 
991 |a TEXTO 
999 |c 13887